000 00498nam a22001817a 4500
003 BD-ChCU
005 20251111142712.0
008 251111b bg ||||| |||| 00| 0 ben d
040 _cBD-ChCU
082 _a362.1 SMP(4)
100 _aSmolensky , Jack.
_916000
245 _aPrinciples of community health ./
_cJack ,Smolensky
250 _a4th ed.
260 _aPhiladelphia :
_bSaunders ,
_cC 1977
300 _avi, 472p
650 0 _aCommunity Health Services.
_916003
942 _2ddc
_cBK
_n0
999 _c109361
_d109361